Normal view
MARC view
Entry Meeting Name
001 - CONTROL NUMBER
- control field: 7869
003 - CONTROL NUMBER IDENTIFIER
- control field: OSt
005 - DATE AND TIME OF LATEST TRANSACTION
- control field: 20211105132942.0
008 - FIXED-LENGTH DATA ELEMENTS
- fixed length control field: 211105|| aca||aabn | a|a d
040 ## - CATALOGING SOURCE
- Original cataloging agency: OSt
- Transcribing agency: OSt
111 ## - HEADING--MEETING NAME
- Meeting name or jurisdiction name as entry element: International Astronomical Union Symposium
- Number of part/section/meeting: 54th
- Location of meeting: Geneva, Switzerland
- Date of meeting or treaty signing: 1972 Sep. 12-15
670 ## - SOURCE DATA FOUND
- Source citation: Work cat.: (OSt): International Astronomical Union Symposium 54th Geneva, Switzerland 1972 Sep. 12-15, Problems of calibration of absolute magnitudes and temperature of stars, 1973